<?xml version="1.0" encoding="UTF-8"?>
<record
    xmlns:xsi="http://www.w3.org/2001/XMLSchema-instance"
    xsi:schemaLocation="http://www.loc.gov/MARC21/slim http://www.loc.gov/standards/marcxml/schema/MARC21slim.xsd"
    xmlns="http://www.loc.gov/MARC21/slim">

  <leader>05433cam a2200445 i 4500</leader>
  <controlfield tag="001">17658414</controlfield>
  <controlfield tag="003">OSt</controlfield>
  <controlfield tag="005">20220221110411.0</controlfield>
  <controlfield tag="008">130314s2014    enk      b    001 0 eng  </controlfield>
  <datafield tag="010" ind1=" " ind2=" ">
    <subfield code="a">  2013010543</subfield>
  </datafield>
  <datafield tag="020" ind1=" " ind2=" ">
    <subfield code="a">9780415822107 (hbk.)</subfield>
  </datafield>
  <datafield tag="020" ind1=" " ind2=" ">
    <subfield code="a">0415822106 (hbk.)</subfield>
  </datafield>
  <datafield tag="020" ind1=" " ind2=" ">
    <subfield code="z">9780203465738 (ebk.)</subfield>
  </datafield>
  <datafield tag="020" ind1=" " ind2=" ">
    <subfield code="z">0203465733 (ebk.)</subfield>
  </datafield>
  <datafield tag="040" ind1=" " ind2=" ">
    <subfield code="a">DLC</subfield>
    <subfield code="b">eng</subfield>
    <subfield code="c">DLC</subfield>
    <subfield code="e">rda</subfield>
  </datafield>
  <datafield tag="042" ind1=" " ind2=" ">
    <subfield code="a">pcc</subfield>
  </datafield>
  <datafield tag="050" ind1="0" ind2="0">
    <subfield code="a">K5250</subfield>
    <subfield code="b">.T75 2014</subfield>
  </datafield>
  <datafield tag="082" ind1="0" ind2="0">
    <subfield code="a">340/.114</subfield>
    <subfield code="2">23</subfield>
  </datafield>
  <datafield tag="084" ind1=" " ind2=" ">
    <subfield code="a">LAW000000</subfield>
    <subfield code="a">LAW026000</subfield>
    <subfield code="a">LAW043000</subfield>
    <subfield code="2">bisacsh</subfield>
  </datafield>
  <datafield tag="245" ind1="0" ind2="0">
    <subfield code="a">Transitional justice theories /</subfield>
    <subfield code="c">edited by Susanne Buckley-Zistel, Teresa Koloma Beck, Christian Braun and Friederike Mieth.</subfield>
  </datafield>
  <datafield tag="264" ind1=" " ind2="1">
    <subfield code="a">Abingdon, Oxon :</subfield>
    <subfield code="b">Routledge,</subfield>
    <subfield code="c">2014</subfield>
  </datafield>
  <datafield tag="300" ind1=" " ind2=" ">
    <subfield code="a">x, 226 pages ;</subfield>
    <subfield code="c">24 cm.</subfield>
  </datafield>
  <datafield tag="336" ind1=" " ind2=" ">
    <subfield code="a">text</subfield>
    <subfield code="2">rdacontent</subfield>
  </datafield>
  <datafield tag="337" ind1=" " ind2=" ">
    <subfield code="2">rdamedia</subfield>
  </datafield>
  <datafield tag="338" ind1=" " ind2=" ">
    <subfield code="2">rdacarrier</subfield>
  </datafield>
  <datafield tag="490" ind1="0" ind2=" ">
    <subfield code="a">Transitional justice</subfield>
  </datafield>
  <datafield tag="504" ind1=" " ind2=" ">
    <subfield code="a">Includes bibliographical references and index.</subfield>
  </datafield>
  <datafield tag="505" ind1=" " ind2=" ">
    <subfield code="a">Contents : Transformative justice, reconciliation and peacebuilding -- Rethinking reconciliation in divided societies : A social learning theory of transitional justice -- The plural justice aims of reparations -- Political liberalism after mass violence: John Rawls and a 'theory ' of transitional Justice -- The vertical and horizontal expansion of transitional justice: explanantions and implications for a contested field -- Bargaining justice : A theory of transitional justice compliance -- Narrative truths: On the construction of the past in truth commissions -- Redressive politics and the nexus of trauma , transitional justice and reconciliation -- Forgetting the embodied past: body memory in transitional justice -- Understanding the political economy of transitional justice: A critical theory perspective </subfield>
  </datafield>
  <datafield tag="520" ind1=" " ind2=" ">
    <subfield code="a">"Transitional justice is rapidly gaining significance as an umbrella term for mechanisms and policy instruments for dealing with a violent past in the aftermath of mass atrocities or dictatorial regimes. The practice of transitional justice brings into place institutions and mechanisms addressing systematic human rights abuses in order to promote the transition to a peaceful coexistence. These include retributive measures, such as tribunals and court trials, as well as restorative or transformative initiatives in view of enhancing community relations, such as truth commissions or memory work. Yet, despite the range of activities conducted globally and the vibrant academic debate on the topic, there are but few attempts to conceptualise transitional justice theoretically. Transitional Justice Theories fills this gap. The first part of the book theorises transitional justice through the notion of transition. Using the concepts of social learning, social trust, implicit memory, and collective trauma, the chapters attempt to identify distinct features of the transitional moment and theoretically capture relevant social processes on a micro- and macro-level. The second part focuses on the notion of justice, outlining different understandings, such as restorative, transformative, and reparative; and discussing the use of these concepts in different settings and by different agents. The third part considers the academic as well as political discourses on transitional justice from the perspective of critical social theories, including feminism and postcolonialism. Contributing to the academic debate as well as to the practice of transitional justice, Transitional Justice Theories is an important contribution to this fast growing field"--</subfield>
    <subfield code="c">Provided by publisher.</subfield>
  </datafield>
  <datafield tag="520" ind1=" " ind2=" ">
    <subfield code="a">"Transitional justice has gained global significance as an umbrella term for approaches to dealing with the past in the aftermath of violent conflict or dictatorial regimes; a range of mechanisms and institutions, including tribunals, truth commissions and memorial projects seek to redress past wrongs, vindicate the dignity of victims, and provide justice. Despite this global activity and the lively academic debate surrounding it, there have been few attempts to conceptualize transitional justice theoretically. Transitional Justice Theories therefore seeks to deliver a hitherto absent theoretical framework by exploring both normative and critical perspectives from disciplines such as political science, sociology, philosophy, or psychology. Working through such concepts as the social processes of the transitional moment and the differing perspectives on justice (as potentially restorative, transformative, and reparative), this volume highlights the field's interdisciplinary scope while revealing the commonalities, as well as tensions, between the various perspectives. Contributing to the academic debate as well as to the practice of transitional justice, this book is an important contribution to a dynamic field. As such, it will be of immense interest to scholars, students, and practitioners of transitional justice, and more widely of Law, Politics, and Sociology"--</subfield>
    <subfield code="c">Provided by publisher.</subfield>
  </datafield>
  <datafield tag="650" ind1=" " ind2="0">
    <subfield code="a">Transitional justice.</subfield>
  </datafield>
  <datafield tag="650" ind1=" " ind2="0">
    <subfield code="a">Crimes against humanity</subfield>
    <subfield code="x">Law and legislation.</subfield>
  </datafield>
  <datafield tag="650" ind1=" " ind2="0">
    <subfield code="a">Political crimes and offenses</subfield>
    <subfield code="x">Law and legislation.</subfield>
  </datafield>
  <datafield tag="650" ind1=" " ind2="7">
    <subfield code="a">LAW / General.</subfield>
    <subfield code="2">bisacsh</subfield>
  </datafield>
  <datafield tag="650" ind1=" " ind2="7">
    <subfield code="a">LAW / Criminal Law / General.</subfield>
    <subfield code="2">bisacsh</subfield>
  </datafield>
  <datafield tag="650" ind1=" " ind2="7">
    <subfield code="a">LAW / Gender &amp; the Law.</subfield>
    <subfield code="2">bisacsh</subfield>
  </datafield>
  <datafield tag="700" ind1="1" ind2=" ">
    <subfield code="a">Buckley-Zistel, Susanne,</subfield>
  </datafield>
  <datafield tag="906" ind1=" " ind2=" ">
    <subfield code="a">7</subfield>
    <subfield code="b">cbc</subfield>
    <subfield code="c">orignew</subfield>
    <subfield code="d">1</subfield>
    <subfield code="e">ecip</subfield>
    <subfield code="f">20</subfield>
    <subfield code="g">y-gencatlg</subfield>
  </datafield>
  <datafield tag="942" ind1=" " ind2=" ">
    <subfield code="2">lcc</subfield>
    <subfield code="c">BK</subfield>
  </datafield>
  <datafield tag="999" ind1=" " ind2=" ">
    <subfield code="c">8737</subfield>
    <subfield code="d">16237</subfield>
  </datafield>
  <datafield tag="952" ind1=" " ind2=" ">
    <subfield code="0">0</subfield>
    <subfield code="1">0</subfield>
    <subfield code="2">lcc</subfield>
    <subfield code="4">0</subfield>
    <subfield code="7">0</subfield>
    <subfield code="8">NFIC</subfield>
    <subfield code="a">WIUC-1</subfield>
    <subfield code="b">WIUC-1</subfield>
    <subfield code="c">REF</subfield>
    <subfield code="d">2022-02-21</subfield>
    <subfield code="l">0</subfield>
    <subfield code="o">K5250.T75</subfield>
    <subfield code="p">9052/503/22</subfield>
    <subfield code="r">2022-02-21 00:00:00</subfield>
    <subfield code="t">1</subfield>
    <subfield code="w">2022-02-21</subfield>
    <subfield code="y">BK</subfield>
  </datafield>
</record>
